000
00303nam a2200121Ia 4500
008
220217s9999||||xx |||||||||||||| ||und||
082
_a
510 CHA
100
_a
K.S.C
245
0
_a
Engineering mathematics
260
_a
Subhas Publications
_b
Bangalore
_c
2002
300
_b
210
650
_a
MATHEMATICS
999
_c
167583
_d
167583